| 000 | 02730cam a2200505 i 4500 | ||
|---|---|---|---|
| 001 | data | ||
| 005 | 20260322212123.0 | ||
| 008 | data | ||
| 035 | _a20774114 | ||
| 906 |
_a7 _bcbc _corignew _d1 _eecip _f20 _gy-gencatlg |
||
| 925 | 0 |
_aacquire _b1 shelf copy _xpolicy default |
|
| 955 |
_erf10 2018-12-10 (telework) to Dewey _wxm08 2018-12-10 (telework) _frf06 2019-08-29 (episodic telework) to CALM |
||
| 010 | _a 2018053959 | ||
| 020 |
_a9780316529419 _qhardcover |
||
| 020 | _z9780316529372 (ebook) | ||
| 020 | _z9780316529365 (ebook) | ||
| 020 | _z9780316529389 (library edition ebook) | ||
| 040 |
_aLBSOR/DLC _beng _cLBSOR _erda _dDLC |
||
| 042 | _apcc | ||
| 050 | 0 | 0 |
_aCT105 _b.P43 2019 |
| 082 | 0 | 0 |
_a920.71 _223 |
| 100 | 1 |
_aPeters, Stephanie True, _d1965- _eauthor. |
|
| 245 | 1 | 0 |
_aGroundbreaking guys : _b40 men who became great by doing good / _cStephanie True Peters ; illustrated by Shamel Washington. |
| 246 | 3 |
_aGroundbreaking guys : _bforty men who became great by doing good |
|
| 250 | _aFirst edition. | ||
| 264 | 1 |
_aNew York : _bLittle, Brown and Company, _c2019. |
|
| 300 |
_a92 pages : _bcolor illustrations ; _c24 cm |
||
| 336 |
_atext _2rdacontent |
||
| 337 |
_aunmediated _2rdamedia |
||
| 338 |
_avolume _2rdacarrier |
||
| 504 | _aIncludes bibliographical references. | ||
| 505 | 0 | _aJohn Stuart Mill -- Robert Smalls -- Louis Brandeis -- Dalip Singh Saund -- Feng Shan Ho -- Alan Turing -- Jonas Salk -- James Baldwin -- Thich Nhat Hanh -- Cesar Chavez -- Fred Rogers -- Maurice Sendak -- Harvey Milk -- Roberto Clemente -- N. Scott Momaday -- Walter Dean Myers -- Patrick Stewart + Ian McKellen -- Muhammad Yunus -- Carlos Slim Helu -- Hayao Miyazaki -- Muhammad Ali -- Bob Ross -- Steven Spielberg -- Freddie Mercury -- Kareem Abdul-Jabbar -- Randy Shilts -- Kailash Satyarthi -- Bill Gates -- Anthony Bourdain -- John Herrington -- George Clooney -- Barack Obama -- Yo-Yo Ma -- Kylar Broadus -- Terry Crews -- Ziauddin Yousafzai -- Questlove -- Lin Manuel Miranda -- Kendrick Lamar. | |
| 520 |
_a"This illustrated survey book is a collection of forty diverse men who helped their communities"-- _cProvided by publisher. |
||
| 521 | _aAges 8-12. | ||
| 650 | 0 |
_aMen _vBiography. |
|
| 650 | 0 |
_aArtists _vBiography. |
|
| 650 | 0 |
_aCelebrities _vBiography. |
|
| 650 | 0 |
_aHeroes _vBiography. |
|
| 650 | 7 |
_aMen _vBiography. _2sears |
|
| 650 | 7 |
_aCelebrities _vBiography. _2sears |
|
| 655 | 7 |
_aBiographies. _2lcgft _0https://id.loc.gov/authorities/genreForms/gf2014026049 |
|
| 700 | 1 |
_aWashington, Shamel, _eillustrator. |
|
| 985 |
_aLBSORCIP _d2018-12-10 |
||
| 999 |
_c1894 _d1894 |
||